| 000 | 01534cam a22003734a 4500 | ||
|---|---|---|---|
| 001 | 14747514 | ||
| 005 | 20080325081922.0 | ||
| 008 | 070226s2007 enka b 001 0 eng c | ||
| 010 | _a 2007923608 | ||
| 015 |
_aGBA698582 _2bnb |
||
| 016 | 7 |
_a013607844 _2Uk |
|
| 020 | _a0750667397 (pbk.) | ||
| 020 | _a9780750667395 (pbk.) | ||
| 035 | _a(OCoLC)ocm76798397 | ||
| 040 |
_aUKM _cUKM _dBAKER _dBWKUK _dYDXCP _dOHX _dBTCTA _dUMC _dUBY _dVRC _dDLC |
||
| 042 | _apcc | ||
| 050 | 0 | 0 |
_aTL671.6 _b.M36 2007 |
| 082 | 0 | 0 |
_a629.13431 _222 _bMEG |
| 100 | 1 |
_aMegson, T. H. G. _q(Thomas Henry Gordon) _922994 |
|
| 245 | 1 | 0 |
_aAircraft Structures for Engineering Students / _cT.H.G. Megson. |
| 250 | _a4th ed. | ||
| 260 |
_aOxford ; _aBurlington, MA : _bButterworth-Heinemann, 2007 _c2007. |
||
| 300 |
_axx, 804 p. : _bill. ; _c25 cm. |
||
| 490 |
_922498 _aElsevier Aerospace Engineering Series |
||
| 504 | _aIncludes bibliographical references and index. | ||
| 650 | 0 |
_aAirframes. _922995 |
|
| 653 |
_bGen _cApril2011 |
||
| 856 | 4 | 2 |
_3Publisher description _uhttp://www.loc.gov/catdir/enhancements/fy0811/2007923608-d.html |
| 856 | 4 | 1 |
_3Table of contents _uhttp://www.loc.gov/catdir/toc/fy0803/2007923608.html |
| 942 |
_2ddc _cBB |
||
| 999 |
_c15095 _d15095 |
||